1853 1243 1221 1365 1568 1645 1888 1926 1940 1841 1894 1971 1588 1943 1542 1778 1170 1842 1079 1522 1069 1123 1999 1993 1791 1078 1382 1420 1827 1272 1829 1762 1070 1390 1811 1798 1078 1838 1971 1014 1663 1445 1143 1014 1227 1337 1337 1053 1704 1558 1355 1395 1277 1510 1062 1008 1617 1770 1318 1730 1071 1601 1166 1817 1098 1385 1731 1887 1012 1256 1921 1800 1718 1298 1352 1581 1094 1832 1837 1131 1022 1388 1295 1763 1672 1382 1283 1129 1750 1036 1455 1526 1799 1811 1005 1570 1457 1783 1233 BCNSPRNW ULIB Ver.6.0+V

เปลี่ยนเป็นภาษาไทย

Change to English
 แสดงรายละเอียดบรรณานุกรม
  กลับหน้าหลัก

Brief Record : Get Marc (ISO 2709) : E-mail record : QR code < ปิดหน้าต่าง
LEADER : 00000nam 2200000uu 4500
001    13399127427
003     ULIB
008    200520s2562||||th 000 0 tha d
020    ู^a9786168244005
050  0 ^aกว^bก767ร
100    ^aเกรียงไกร หัวบุญศาล
245    ^aรวมบทกวีนิพนธ์ กระจ่างทั้งทิวาและราตรี
250    ^aพิมพ์ครั้งที่ 1
260    ^aกรุงเทพฯ :^bสื่อสารวิชาการ,^c2562
300    ^a128 หน้า;^b21 ซม.
650    ^aกวีนิพนธ์
945    ^p120^l0^i007101
999    ^aประนอม เกษจรัล
รายการนี้ยังไม่มีแท็ก
คุณยังไม่ได้ล็อกอิน คุณสามารถมีกิจกรรมร่วมกับเว็บไซต์ได้ แต่ต้องล็อกอินก่อน ::
  ล็อกอิน

รายการสื่อสารสนเทศ

ลำดับที่ ประเภท เลขเรียก/บาร์โค้ด สถานที่ สถานะ
1. นวนิยาย
นวนิยาย
กว ก767ร ฉ.1 
  Barcode: 007101
ห้องสมุดวิทยาเขตสวรรค์ประชารักษ์
►หนังสือทั่วไป
บนชั้น

รายการใกล้เคียง
    ชื่อเรื่อง [รวมบทกวีนิพนธ์ กระจ่างทั้งทิวาและราตรี]

    หัวเรื่อง [กวีนิพนธ์]

BibComment


ยังไม่เคยถูกคอมเมนท์

คอมเมนท์ทรัพยากรรายการนี้
  คอมเมนท์: รวมบทกวีนิพนธ์ ก..


 Copyright 2026. Bcnsprnw @Library